000 00640nam a2200229Ia 4500
003 OSt
005 20221005131742.0
006 a|||||r|||| 00| 0
007 ta
008 221004b |||||||| |||| 00| 0 eng d
024 _a28454
037 _cTextual
040 _aCRL
_cCRL
_beng
041 _2eng
_aeng
082 _a14:15.N6, K5
100 _aLewanski Richard C Comp
_9640024
245 0 _aSubject collections in European libraries
_b A directory and bibliographical guide
260 _c1965
650 _aBIBLIOGRAPHY
942 _h14:15.N6, K5
_cTEXL
_2cc
999 _c1061269
_d1061269